MARC

LEADER 00000nam0a2200000 4500
001 112219
005 20231031121356.0
035 |a (RuTPU)RU\TPU\book\121321 
090 |a 112219 
100 |a 20070324d1949 km y0rusy50 ca 
101 0 |a rus 
102 |a RU 
105 |a a z 001zy 
200 1 |a Общая химическая технология торфа  |f В. Е. Раковский 
210 |a Москва  |a Ленинград  |c Госэнергоиздат  |d 1949 
215 |a 363 с.  |c ил. 
320 |a Предметный указатель: с. 361-363. 
610 1 |a торфяная промышленность 
610 1 |a растения-торфообразователи 
610 1 |a торф 
610 1 |a химический состав 
610 1 |a термический распад 
610 1 |a мокрое обугливание 
610 1 |a термическая переработка 
610 1 |a промышленные методы 
610 1 |a газификация 
610 1 |a продукты 
610 1 |a очистка 
610 1 |a улавливание 
610 1 |a деготь 
610 1 |a переработка 
610 1 |a подсмольная вода 
610 1 |a битумы 
610 1 |a получение 
610 1 |a болотные пни 
610 1 |a использование 
610 1 |a древесина 
610 1 |a консервирование 
610 1 |a активный уголь 
610 1 |a гуминовые кислоты 
675 |a 662.73  |v 3 
700 1 |a Раковский  |b В. Е.  |g Владимир Евгеньевич 
801 1 |a RU  |b 63413507  |c 20070324  |g PSBO 
801 2 |a RU  |b 63413507  |c 20181225  |g PSBO 
942 |c BK